STN EN 1026: 2002 (74 6185), Okná a dvere. Prievzdušnosť. Skúšobná metóda

Bibliographic Details
Other Authors: Panáček, Pavol (Translator)
Format: Book
Language:Czech
Slovak
English
PhysicalDescription:II, 11 s., III. obr. 30 cm
Published: Bratislava Slovenský ústav technickej normalizácie 2002
Subjects:

MARC

LEADER 00000cam a2200000 a 4500
001 vtls001482093
003 SK-MaSNL
005 20260302073644.0
008 130607s2002 xo a 0 cze
040 |a SNK  |b slo  |c SNK  |e AACR2 
041 1 |a slo  |a cze  |h eng 
044 |a xo  |c SK 
046 |a s  |m 20021101 (účin. ) 20160930 (zruš. ) 
072 7 |a 692  |x Konštrukčné prvky a časti stavieb  |2 konspekt 
080 |a 692.82  |2 2011 
080 |a 006.7/8  |2 2011 
080 |a (437.6)  |2 2011 
080 |a (4)  |2 2011 
084 |a 91.060.50  |2 ICS 
130 0 |a STN 74 6185 (STN EN 1026)  |9 738332 
245 1 |a STN EN 1026: 2002 (74 6185), Okná a dvere. Prievzdušnosť. Skúšobná metóda 
246 1 0 |a Okná a dvere 
246 1 0 |a Prievzdušnosť 
246 1 0 |a Skúšobná metóda 
246 3 0 |a idt EN 1026:2000 
260 |a Bratislava  |b Slovenský ústav technickej normalizácie  |c 2002 
300 |a II, 11 s., III.  |b obr.  |c 30 cm 
500 |a Táto norma nahrádza anglické znenie STN EN 1026 z novembra 2001 v celom rozsahu 
500 |a Súbežný názov v angličtine, francúzštine, nemčine 
500 |a Spracovateľ: Pavol Panáček 
540 |a STN vydané na akomkoľvek nosiči sa môžu rozmnožovaťa rozširovať iba so súhlasom určenej právnickej osoby  |b SÚTN Bratislava  |c zákon 60/2018 Z. z 
650 0 7 |a technické normy a štandarty  |z Slovensko  |2 SNKPH  |9 292187 
650 0 7 |a technické norma a štandarty  |z krajiny Európskej únie  |2 SNKPH  |9 292188 
650 0 7 |a okná  |2 SNKPH  |9 21896 
650 0 7 |a Windows  |2 SNKPHeng  |9 304416 
655 7 |a normy  |2 SNKPH  |9 70643 
700 1 |a Panáček, Pavol  |4 trl  |9 280222 
852 |a Štátna vedecká knižnica v Banskej Bystrici 
999 |c 1161836  |d 1163766 
952 |t P60, <03>, [BOOK], {603}  |a SNK  |b SNK  |y PREZ  |7 0  |p 17A0443195  |o snkSTN EN 1026  |i snkN 4252/2004  |0 0  |1 0  |4 0  |d 2004-09-21  |l 0  |r 2005-01-02 00:00:00  |w 2026-02-24 
952 |t P66, <07>, [BOOK], {667}  |a SNK  |b SNK  |y PREZ  |7 0  |p 17A0443196  |o snkSTN EN 1026 D1  |i snkN 4253/2004  |0 0  |1 0  |4 0  |d 2004-09-21  |l 0  |r 2005-01-02 00:00:00  |w 2026-02-24